000
00393nam a22001697a 4500
003
MPLRDC
005
20220104143007.0
008
210129b ||||| |||| 00| 0 eng d
082
_a
220.7 QL-2
100
_a
不详
245
_a
初机净业指南
_c
260
_a
_b
青莲印经会
_c
1986
300
_b
平
490
_a
青莲之58
650
_a
佛教杂论
942
_c
BK
_o
220.7 QL-2
999
_c
35590
_d
35580